Statistiques concernant QCM Louis XVI.

Cliquez ici pour prendre le quiz!

Statistiques générales

  • Ce quiz a été pris 241 fois
  • Le résultat moyen est 10 sur 15

Statistiques - réponses

QuestionRéponse% Correct
Avec qui se marie-t-il en 1770?Marie-Antoinette d'Autriche
96%
Dans quel château résidait-il principalement?Versailles
90%
Quel noble français s'y distingua particulièrement?Gilbert de La Fayette
88%
En quel jour a-t-il été exécuté?21 janvier 1793
80%
Dans quel conflit majeur s'opposa-t-il au Royaume-Uni?Guerre d'indépendance américaine
79%
En quelle année devient-il roi?1774
75%
Quel ministre de Louis XVI, dont le renvoi fut une des causes de la prise de la Bastille, fut principal ministre de 1788 à 1790?Jacques Necker
71%
En quelle année est né Louis XVI?1754
62%
Qui devient alors prétendants au trône de France?Son fils
62%
À combien de voix s'est joué sa condamnation à mort?1 voix
59%
A quelle date Louis XVI et sa famille s'enfuient-ils et sont découverts à Varenne?20-21 juin 1791
59%
Quand la monarchie a-t-elle été abolie par les Républicains?21 septembre 1792
56%
Quel explorateur Louis XVI envoya-t-il dans le Pacifique et disparut en mer?Jean-François de La Pérouse
52%
Qui sont ses parents?Louis de France et Marie-Josèphe de Saxe
40%
Quelle chapelle a été élevée à Paris en hommage à Louis XVI?Chapelle expiatoire
35%

Distribution des résultats

Percentile par nombre de réponses

% des personnes avec chaque résultat

Votre développement - résultats

Vous n’avez pas pris ce quiz